000 00373nam a2200169Ia 4500
003 IT-RoPAU
008 120407s9999 xx 000 0 und d
040 _aIT-RoPAU
040 _cIT-RoPAU
100 _aMarcolino DaffĂ ra
245 _aDio esposizione e valutazione delle prove
250 _aTorino
260 _aSei
300 _c cm
490 _v1
942 _cBK
999 _c11510
_d11510